000 00795nam a22002057a 4500
008 181108b xxu||||| |||| 00| 0 eng d
020 _a1593852991 (trade paper)
020 _a9781593852993 (trade paper)
050 _aLB1050.42
_b.R43 2006
245 _aReading research at work :
_bfoundations of effective practice /
_cedited by Katherine A. Dougherty Stahl, Michael C. McKenna ; foreword by Lesley Mandel Morrow
260 _aNew York :
_bGuilford Press,
_c2006
300 _axxv, 450 p. ;
_c26 cm
500 _aIncludes bibliographical references and index
600 _bStahl, Steven A
650 _aReading
_xEvaluation
650 _aReading
_xCode emphasis approaches
700 _aStahl, Katherine A. Dougherty
700 _aMcKenna, Michael C
942 _2lcc
_cBK
999 _c53778
_d53778